Normal view
MARC view
- Gelman Debra Levin
Entry Personal Name
001 - CONTROL NUMBER
- control field: 216472
003 - CONTROL NUMBER IDENTIFIER
- control field: OSt
005 - DATE AND TIME OF LATEST TRANSACTION
- control field: 20260123155021.0
008 - FIXED-LENGTH DATA ELEMENTS
- fixed length control field: 260123|| aca||aabn | a|a d
040 ## - CATALOGING SOURCE
- Original cataloging agency: OSt
- Transcribing agency: OSt
100 ## - HEADING--PERSONAL NAME
- Personal name: Gelman Debra Levin
670 ## - SOURCE DATA FOUND
- Source citation: Work cat.: (OSt)370137: Gelman Debra Levin, Design For Kids: Digital Products for Playing and Learning, 2014